000 00959cam a22003253a 4500
001 0000802
003 DO-SdBNP
005 20180207132516.0
007 0000802
008 861112 1998 ck a 000 0 spa d
010 _a
020 _a958240013
040 _aBPMSU
_cspa
_dBPMSU
_d
100 1 _aDahl, Roald
_d1916-1990
240 1 _aFantastic Mr. Fox /
245 1 3 _aEl superzorro /
_cRoald Dahl ; ilustraciones Horacio Elena ; traducción Ramón Buckley
250 _a8a. reimpr.
260 _aSantafé de Bogota, Colombia :
_bAlfaguara,
_bSantillana,
_c1998.
300 _a153 p. :
_bil.
_c20 cm.
490 0 _aAlfaguara juvenil
500 _aIncluye datos biográficos del autor.
521 _aA partir de 8 años.
600 0 0 _a
_x
700 1 2 _aElena, Horacio
_eil.
700 1 2 _aBuckley, Ramón
_etrad.
830 0 _aAlfaguara juvenil
942 _2ddc
_cBK
945 _ainventariado, 2018 / dg
956 _2YLOCKWARD
_310
_8BPMSU
999 _c11881
_d11881